Wavelet Denosing of Multirame Optical Coherence Tomography Data Using Similarity Measures (Record no. 212180)

000 -LEADER
fixed length control field 00468 a2200169 4500
003 - CONTROL NUMBER IDENTIFIER
control field Nust
005 - DATE AND TIME OF LATEST TRANSACTION
control field 20170207165509.0
040 ## - CATALOGING SOURCE
Transcribing agency Nust
082 ## - DEWEY DECIMAL CLASSIFICATION NUMBER
Classification number 005.1
100 ## - MAIN ENTRY--PERSONAL NAME
Personal name Habib, Wajiha MSCS
245 ## - TITLE STATEMENT
Title Wavelet Denosing of Multirame Optical Coherence Tomography Data Using Similarity Measures
Statement of responsibility, etc. Wajiha Habib, MSCS
260 ## - PUBLICATION, DISTRIBUTION, ETC.
Place of publication, distribution, etc. Rawalpindi
Name of publisher, distributor, etc. MCS NUST
Date of publication, distribution, etc. May 2014
300 ## - PHYSICAL DESCRIPTION
Extent vi, 79 p
538 ## - SYSTEM DETAILS NOTE
System details note Almirah No,72 Shelf No,6
650 ## - SUBJECT ADDED ENTRY--TOPICAL TERM
Topical term or geographic name entry element MS Thesis
651 ## - SUBJECT ADDED ENTRY--GEOGRAPHIC NAME
Geographic name MSCS Thesis
942 ## - ADDED ENTRY ELEMENTS (KOHA)
Koha item type
Holdings
Withdrawn status Lost status Source of classification or shelving scheme Damaged status Not for loan Collection code Permanent Location Current Location Date acquired Total Checkouts Full call number Barcode Date last seen Price effective from Koha item type Shelving location
            Central Library (CL) Central Library (CL) 11/10/2020   004 CL-T-1029 11/10/2020 11/10/2020   Thesis
            Central Library (CL) Central Library (CL) 11/19/2020   004 CL-T-1438 11/19/2020 11/19/2020   Thesis
            Military College of Signals (MCS) Military College of Signals (MCS) 12/12/2016   005.1 HAB MCSTCS-326 12/08/2016 12/12/2016 Book  
© 2023 Central Library, National University of Sciences and Technology. All Rights Reserved.